Państwa Uznawane, nieuznawane i już nieistniejące - Statystyki

Ogólne statystyki
  • Ten quiz został rozwiązany 68 razy
    54 od ostatniego zresetowania
  • Średni wynik to 64 z 398
Statystyki odpowiedzi
Kontynent Państwo % Poprawnych
Europa Polska
48%
Europa Jugosławia
42%
Europa Kosowo
42%
Europa Austro-Węgry
39%
Europa Rosja
39%
Europa Albania
35%
Europa Andora
32%
Europa Czechosłowacja
32%
Europa-Azja-Afryka Imperium Osmańskie
32%
Europa Litwa
32%
Europa Niemcy
32%
Europa Belgia
29%
Europa Bośnia
29%
Europa Bośnia i Hercegowina
29%
Europa Czechy
29%
Europa Hiszpania
29%
Oceania Kiribati
29%
Europa Norwegia
29%
Azja Persja
29%
Europa Rumunia
29%
Europa Słowacja
29%
Ameryka Północna Stany Zjednoczone
29%
Europa Szwecja
29%
Europa Ukraina
29%
Europa Watykan
29%
Europa Wielka Brytania
29%
Europa Włochy
29%
AmerykaPołudniowa Argentyna
26%
Azja Azerbejdżan
26%
Europa Białoruś
26%
Azja Birma
26%
Europa Chorwacja
26%
Azja Cypr
26%
Europa Czarnogóra
26%
Europa Dania
26%
Afryka Demokratyczna Republika Konga
26%
Europa Estonia
26%
Afryka Eswatini
26%
Europa Finlandia
26%
Europa Francja
26%
Europa Holandia
26%
Europa Irlandia
26%
Europa Islandia
26%
Azja Izrael
26%
Azja Jordania
26%
Afryka Kongo
26%
Azja Korea Północna
26%
Azja Korea Południowa
26%
Europa Liechtenstein
26%
Europa Łotwa
26%
Europa Luksemburg
26%
Azja Mjanma
26%
Europa Mołdawia
26%
Europa Monako
26%
Azja Palestyna
26%
Europa Portugalia
26%
Afryka Republika Południowej Afryki
26%
Afryka Republika Środkowoafrykańska
26%
Afryka Republika Zielonego Przylądka
26%
Europa Rzeczpospolita Obojga Narodów
26%
Europa San Marino
26%
Europa Słowenia
26%
Europa Szkocja
26%
Azja Turcja
26%
Europa Walia
26%
Europa Węgry
26%
Afryka Wyspy Świętego Tomasza i Książęca
26%
Azja Afganistan
23%
Afryka Algieria
23%
Europa Anglia
23%
Ameryka Północna Antigua i Barbuda
23%
Azja Arabia Saudyjska
23%
Azja Armenia
23%
Europa Austria
23%
Ameryka Północna Bahamy
23%
Azja Bahrajn
23%
Azja Bangladesz
23%
Ameryka Północna Belize
23%
Azja Bhutan
23%
Ameryka Południowa Boliwia
23%
Afryka Botswana
23%
Ameryka Południowa Brazylia
23%
Europa Bułgaria
23%
Ameryka Południowa Chile
23%
Azja Chiny
23%
Ameryka Północna Dominika
23%
Ameryka Północna Dominikana
23%
Afryka Dżibuti
23%
Ameryka Południowa Ekwador
23%
Afryka Erytrea
23%
Afryka Etiopia
23%
Afryka Gabon
23%
Afryka Gambia
23%
Azja Gruzja
23%
Ameryka Południowa Gujana
23%
Ameryka Północna Gwatemala
23%
Afryka Gwinea
23%
Afryka Gwinea Równikowa
23%
Ameryka Północna Haiti
23%
Azja Indie
23%
Ameryka Północna Jamajka
23%
Azja Japonia
23%
Azja Jemen
23%
Azja Kambodża
23%
Ameryka Północna Kanada
23%
Azja Katar
23%
Azja Kazachstan
23%
Afryka Kenia
23%
Ameryka Południowa Kolumbia
23%
Ameryka Północna Kostaryka
23%
Azja Kuwejt
23%
Azja Laos
23%
Afryka Lesotho
23%
Afryka Libia
23%
Europa Macedonia
23%
Europa Macedonia Północna
23%
Europa Malta
23%
Afryka Maroko
23%
Afryka Mauretania
23%
Ameryka Północna Meksyk
23%
Azja Mongolia
23%
Europa Naddniestrze
23%
Afryka Namibia
23%
Oceania Nauru
23%
Azja Nepal
23%
Afryka Niger
23%
Azja Oman
23%
Oceania Palau
23%
Ameryka Północna Panama
23%
Oceania Papua-Nowa Gwinea
23%
Ameryka Południowa Paragwaj
23%
Ameryka Południowa Peru
23%
Afryka Sahara Zachodnia
23%
Ameryka Północna Saint Kitts i Nevis
23%
Ameryka Północna Salwador
23%
Oceania Samoa
23%
Afryka Senegal
23%
Europa Serbia
23%
Afryka Seszele
23%
Afryka Somalia
23%
Afryka Sudan
23%
Afryka Sudan Południowy
23%
Ameryka Południowa Surinam
23%
Azja Syria
23%
Azja Tajlandia
23%
Azja Tajwan
23%
Afryka Togo
23%
Ameryka Północna Trynidad i Tobago
23%
Oceania Tuvalu
23%
Afryka Uganda
23%
Ameryka Południowa Urugwaj
23%
Azja Uzbekistan
23%
Ameryka Południowa Wenezuela
23%
Azja Wietnam
23%
Oceania Wyspy Marshalla
23%
Oceania Wyspy Salomona
23%
Afryka Zambia
23%
Azja Zjednoczone Emiraty Arabskie
23%
Europa-Azja Związek Radziecki
23%
Azja Abchazja
19%
Afryka Angola
19%
Oceania Australia
19%
Ameryka Północna Barbados
19%
Europa Bawaria
19%
Afryka Benin
19%
Afryka Burundi
19%
Azja Czeczenia
19%
Europa Donieck
19%
Azja Filipiny
19%
Afryka Ghana
19%
Europa Grecja
19%
Ameryka Północna Grenada
19%
Afryka Gwinea Bissau
19%
AmerykaPółnocna Hawaje
19%
Ameryka Północna Honduras
19%
Europa Imperium Rosyjskie
19%
Azja Indonezja
19%
Azja Irak
19%
Azja Iran
19%
Afryka Kamerun
19%
Europa Katalonia
19%
Azja Kirgistan
19%
Afryka Komory
19%
Ameryka Północna Kuba
19%
Azja Liban
19%
Afryka Liberia
19%
Europa Ługańsk
19%
Afryka Madagaskar
19%
Afryka Malawi
19%
Azja Malediwy
19%
Azja Malezja
19%
Afryka Mali
19%
Afryka Mauritius
19%
Afryka Nigeria
19%
Ameryka Północna Nikaragua
19%
Oceania Nowa zelandia
19%
Azja Pakistan
19%
Europa Prusy
19%
Afryka Rwanda
19%
Ameryka Północna Saint Lucia
19%
Ameryka Północna Saint Vincent i Grenadyny
19%
Azja Singapur
19%
Afryka Somaliland
19%
Azja Sri lanka
19%
Afryka Suazi
19%
Europa Szwajcaria
19%
Azja Tadżykistan
19%
AmerykaPółnocna Teksas
19%
Azja Timor Wschodni
19%
Oceania Tonga
19%
Afryka Tunezja
19%
Azja Turkmenistan
19%
Azja Tybet
19%
Oceania Vanuatu
19%
Azja Wietnam Południowy
19%
Afryka Zair
19%
Afryka Zimbabwe
19%
Azja Brunei
16%
Afryka Burkina faso
16%
Azja Cypr Północny
16%
Afryka Czad
16%
Afryka Egipt
16%
Oceania Fidżi
16%
Europa Imperium Hiszpańskie
16%
Europa Imperium Portugalskie
16%
Europa Imperium Rzymskie
16%
Europa Imperium Włoskie
16%
Europa Irlandia Północna
16%
Europa Krym
16%
Oceania Mikronezja
16%
Afryka Mozambik
16%
Azja Osetia Południowa
16%
Afryka Sierra Leone
16%
Europa Sycylia
16%
Afryka Tanzania
16%
Azja Wietnam Północny
16%
Afryka Wybrzeże Kości Słoniowej
16%
Europa Galicja
13%
Europa Imperium Brytyjskie
13%
Europa Imperium Francuskie
13%
Azja Imperium Japońskie
13%
Azja-Europa Imperium Mongolskie
13%
Europa Korsyka
13%
Azja Mandżuko
13%
Europa Sardynia
13%
AmerykaPółnocna Skonfederowane Stany Ameryki
13%
Azja Syjam
13%
Europa Wenecja
13%
Europa Wolne Miasto Gdańsk
13%
Afryka Abisynia
10%
Europa Aragonia
10%
Europa Ateny
10%
Europa Bohemia
10%
Azja Cejlon
10%
Afryka Górna wolta
10%
Azja Górski Karabach
10%
Europa Hercegowina
10%
Azja Holenderskie Indie Wschodnie
10%
AmerykaPółnocna Honduras Brytyjski
10%
Azja Jemen Północny
10%
Azja Jemen Południowy
10%
Europa Królestwo Polskie
10%
Azja Kurdystan
10%
Azja Mezopotamia
10%
Europa Neapol
10%
AmerykaPółnocna Nowa Fundlandia
10%
Azja Tuwa
10%
AmerykaPołudniowa Wielka Kolumbia
10%
Europa Wolne Miasto Kraków
10%
Europa Genua
6%
Europa Bretania
6%
Europa Burgundia
6%
Europa Cesarstwo Austriackie
6%
Europa-Azja Cesarstwo Bizantyjskie
6%
AmerykaPołudniowa Cesarstwo Brazylii
6%
AmerykaPółnocna Cesarstwo Meksyku
6%
Europa Chanat Krymski
6%
Europa Druga Republika Hiszpańska
6%
Azja Dynastia Qing
6%
Europa Flandria
6%
AmerykaPołudniowa Gujana Holenderska
6%
Azja Ha'il
6%
Europa Holsztyn
6%
Europa Hospodarstwo Mołdawskie
6%
Azja Indie Brytyjskie
6%
Europa Jarosław
6%
Europa Kastylia
6%
Europa Kazań
6%
Europa Księstwo Pomorskie
6%
Europa Mazowsze
6%
Europa Munster
6%
Europa Nawarra
6%
Europa Nevers
6%
Afryka Niasaland
6%
Europa Niemcy zachodnie
6%
Europa Niemiecka Republika Demokratyczna
6%
Oceania Nowe Hebrydy
6%
Europa Nowogród
6%
Europa Offaly
6%
Europa Państwo Kościelne
6%
Europa Prowansja
6%
Europa Raguza
6%
Europa Riazań
6%
Afryka Rodezja Północna
6%
Afryka Rodezja Południowa
6%
Azja Sikkim
6%
Europa Sligo
6%
Afryka Starożytny Egipt
6%
Europa Święte Cesarstwo Rzymskie
6%
Europa Trzecia Rzesza Niemiecka
6%
Azja Tuwińska Republika Ludowa
6%
Europa Urbino
6%
Europa Wielka Orda
6%
Europa Wielkie Księstwo Litewskie
6%
Europa Wołoszczyzna
6%
Azja Wschodni Pakistan
6%
Europa Współnota Niepodległych Państw
6%
Afryka-Azja Zjednoczona Republika Arabska
6%
Azja Złota orda
6%
Afryka Związek Południowej Afryki
6%
Afryka Aksum
3%
Azja Angkor
3%
Europa Armagnac
3%
Azja Asir
3%
Oceania Australazja
3%
Europa Awarowie
3%
Azja Bengal
3%
Europa Berlin Zachodni
3%
Afryka Biafra
3%
Europa Biełoziero
3%
Europa Bolonia
3%
Europa Burbonia
3%
Azja Cesarstwo Japońskie
3%
Europa Cesarstwo Niemieckie
3%
Europa Cesarstwo Rosyjskie
3%
Europa Clanricarde
3%
Europa Cospaia
3%
Europa Czerkiesja
3%
Afryka Dahomej
3%
Europa Desmond
3%
Europa Epir
3%
Europa Foix
3%
Azja Fromoza
3%
Europa Fryzja Wschodnia
3%
Europa Gazikumukh
3%
Azja Hatay
3%
Europa Imperium Karolińskie
3%
Azja Imperium Koreańskie
3%
Afryka Imperium Songhaju
3%
Azja Imperium Wielkich Mongołów
3%
Europa Jedysan
3%
Afryka Katanga
3%
Europa Kildare
3%
AmerykaPołudniowa Konfederacja Peruwiańskoboliwijska
3%
Afryka Królestwo Egipskie
3%
Afryka Królestwo Kusz
3%
Europa Królestwo Mann i Wysp
3%
Europa Księstwo Kamieńskie
3%
Europa Księstwo Samona
3%
Europa Leinster
3%
Azja Nadżd i Hasa
3%
Europa Naksos
3%
AmerykaPołudniowa Nowa Grenada
3%
Oceania Nowa Holandia
3%
Europa Odojew
3%
Europa Orania
3%
Europa Orda Nogajska
3%
Europa Orlean
3%
Europa Ormond
3%
Europa Owernia
3%
Afryka Państwo Derwiszów
3%
Europa Perm
3%
Europa Perugia
3%
Europa Protektorat Saary
3%
Europa Prusy Zakonne
3%
Europa Psków
3%
Europa Rostów
3%
Europa Rycerze
3%
Europa Ryga
3%
Europa Rzeczpospolita Zakopiańska
3%
Europa Senarica
3%
Europa Serbio-Czarnogora
3%
Europa Szyrwan
3%
Europa Teodoro
3%
Europa Terytorium Saary
3%
Europa Thomond
3%
Afryka Transwal
3%
Europa Twer
3%
Europa Tyrconnell
3%
Europa Tyrone
3%
Europa Ulster
3%
Europa Unia Kalamarska
3%
Europa Wielkie Księstwo Finlandii
3%
Europa Wielkie Księstwo Moskiewskie
3%
Afryka Wolne Państwo Kongo
3%
Europa Zakon Inflantów
3%
Europa Zjednoczone Królestwo Holandzkie
3%
Afryka Złote Wybrzerze
3%
Nie znaleziono quizów pasujących do podanych kryteriów
Rozkład punktacji
Procent ludzi z każdym wynikiem
Percentyl według liczby udzielonych odpowiedzi
Twoja historia wyników
Nie rozwiązałeś tego quizu od ostatniego zresetowania